000 00729nam a2200205 a 4500
003 0
005 20250303141554.0
008 120723s19uu xx 00 eng d
050 _aPGS LB 1138.E27
_b.K49 2012
100 _aKim, Han Saem.
245 _aEating breakfast and academic performance /
_cKim Han Saem.
260 _aLas PiƱas City, Philippines :
_bSouthville International School and Colleges,
_c2012.
300 _a33 pages :
_billustrations ;
_c28 cm.
504 _aIncludes bibliographical references.
650 _aBreakfast
_vHealth aspects.
650 _aNutrition and academic achievement.
650 _aAcademic achievement
_vNutritional aspects .
650 _aChildren
_vNutrition.
942 _2lcc
_cPASS
999 _c98793
_d98793